000 00271nam a2200121 a 4500
001 4140
005 20140414132042.0
008 090218s19uu xx 00 eng d
050 _aBB
_bK33 2006
100 _aVisaya, Lourdes
245 _aKenny kangaroo.
999 _c113895
_d113895